Rozvoj talentovaných pracovníků v praxi

Analýza súčasného stavu v oblasti rozvoja talentov a návrh možných zlepšení v prostredí konkrétnej organizacie, empirický výskum. Pre účely výskumu bola vybratá česká pobočka jednej z najvýznamnejších svetových bánk.

Salvato in:
Dettagli Bibliografici
Autore principale: Kuchynková, Ladislava
Natura: Capitolo di libro
Lingua:ceco
Soggetti:
Tags: Aggiungi Tag
Nessun Tag, puoi essere il primo ad aggiungerne!!

MARC

LEADER 00000nla a2200000 4500
001 0199934
005 20240417075056.1
041 0 |a cze 
044 |a CZ 
245 1 0 |a Rozvoj talentovaných pracovníků v praxi  |c Ladislava Kuchynková 
520 |a Analýza súčasného stavu v oblasti rozvoja talentov a návrh možných zlepšení v prostredí konkrétnej organizacie, empirický výskum. Pre účely výskumu bola vybratá česká pobočka jednej z najvýznamnejších svetových bánk. 
610 2 0 |a rozvoj pracovníkov 
610 2 0 |a talenty 
610 2 0 |a schopnosti pracovné 
610 2 0 |a analýza empirická 
610 2 0 |a manažment 
610 2 0 |a vodcovstvo 
610 2 0 |a učiaca sa organizácia 
100 1 |a Kuchynková, Ladislava